Biblioteca y Centro de Documentación

El desplazamiento en el mundo (Registro nro. 11248)

Detalles MARC
000 -CABECERA
Longitud fija campo de control 01447nam a2200433 c 4500
001 - NÚMERO DE CONTROL
Número de control 11248
003 - IDENTIFICADOR DE NÚMERO DE CONTROL
Identificador del número de control ES-MaCES
005 - FECHA Y HORA DE LA ÚLTIMA TRANSACCIÓN
Fecha y hora de la última transacción 20151230144345.0
008 - CAMPO FIJO DE DESCRIPCIÓN FIJA--INFORMACIÓN GENERAL
Códigos de información de longitud fija   001020s1998 sp t o000 | spa d
017 ## - NÚMERO DE REGISTRO DE DERECHOS DE AUTOR Y DEPÓSITO LEGAL
Número de copyright o de depósito legal M 3834-1999
Agencia que asigna el número DL
020 ## - ISBN (INTERNATIONAL STANDARD BOOK NUMBER)
Número Internacional Normalizado para Libros (ISBN) 8488986890
024 7# - OTROS IDENTIFICADORES
Número normalizado o código 209-98-013-9
Fuente del número o código nipo
035 ## - NÚMERO DE CONTROL DEL SISTEMA
Número de control del sistema CES20000014151m
040 ## - FUENTE DE CATALOGACIÓN
Centro catalogador de origen ES-MaCES
Lengua de catalogación spa
Centro transcriptor ES-MaCES
100 1# - ENCABEZAMIENTO PRINCIPAL--NOMBRE PERSONAL
Nombre de persona Naïr, Sami
9 (RLIN) 19468
245 13 - MENCIÓN DE TÍTULO
Título El desplazamiento en el mundo
Resto del título : inmigración y temáticas de identidad
Mención de responsabilidad, etc. [Sami Naïr, Javier de Lucas]
246 3# - FORMA VARIANTE DEL TÍTULO
Título propio ; Título en breve Le ´déplacement du monde
250 ## - MENCIÓN DE EDICIÓN
Mención de edición 1ª ed.
260 ## - PUBLICACIÓN, DISTRIBUCIÓN, ETC (PIE DE IMPRENTA)
Lugar de publicación, distribución, etc. Madrid
Nombre del editor, distribuidor, etc. Instituto de Migraciones y Servicios Sociales
Fecha de publicación, distribución, etc. 1998
300 ## - DESCRIPCIÓN FÍSICA
Extensión 273 p.
Dimensiones 24 cm
500 ## - NOTA GENERAL
Nota general Traducción de : Le déplacement du monde
500 ## - NOTA GENERAL
Nota general En el lomo: 3
504 ## - NOTA DE BIBLIOGRAFÍA, ETC.
Nota de bibliografía, etc. Bibliografía
541 ## - NOTA DE LA FUENTE INMEDIANTE DE ADQUISICIÓN
Forma de adquisición Gratuito
650 #4 - ASIENTO SECUNDARIO DE MATERIA--TÉRMINO DE MATERIA
Término de materia o nombre geográfico como elemento inicial inmigración
9 (RLIN) 28632
650 #4 - ASIENTO SECUNDARIO DE MATERIA--TÉRMINO DE MATERIA
Término de materia o nombre geográfico como elemento inicial inmigrante
9 (RLIN) 28631
650 #4 - ASIENTO SECUNDARIO DE MATERIA--TÉRMINO DE MATERIA
Término de materia o nombre geográfico como elemento inicial discriminación
9 (RLIN) 27180
650 #4 - ASIENTO SECUNDARIO DE MATERIA--TÉRMINO DE MATERIA
Término de materia o nombre geográfico como elemento inicial discriminación racial
9 (RLIN) 27190
650 #4 - ASIENTO SECUNDARIO DE MATERIA--TÉRMINO DE MATERIA
Término de materia o nombre geográfico como elemento inicial derecho de asilo
9 (RLIN) 31135
650 #4 - ASIENTO SECUNDARIO DE MATERIA--TÉRMINO DE MATERIA
Término de materia o nombre geográfico como elemento inicial país de acogida
9 (RLIN) 29799
650 #4 - ASIENTO SECUNDARIO DE MATERIA--TÉRMINO DE MATERIA
9 (RLIN) 29020
Término de materia o nombre geográfico como elemento inicial país de la UE
653 10 - TÉRMINO DE INDEXACIÓN--NO CONTROLADO
Término no controlado Asuntos Sociales
710 2# - ENCABEZAMIENTO SECUNDARIO--NOMBRE CORPORATIVO
Nombre de entidad o nombre de jurisdicción como elemento inicial Instituto de Migraciones y Servicios Sociales (España)
Término indicativo de función ed.
9 (RLIN) 4205
710 2# - ENCABEZAMIENTO SECUNDARIO--NOMBRE CORPORATIVO
Nombre de entidad o nombre de jurisdicción como elemento inicial Foro para la Integración Social de los Inmigrantes
9 (RLIN) 3655
700 1# - ENCABEZAMIENTO SECUNDARIO--NOMBRE PERSONAL
9 (RLIN) 17107
Nombre de persona Francisco Javier de Lucas Martín
902 ## - CES. TIPO DE DOCUMENTO
Tipodoc (006$c Sirtex) LIB Libro
942 ## - ELEMENTOS KOHA
Fuente de clasificaión o esquema Clasificación propia del CES
Koha [por defecto] tipo de item Monografías
Parte de clasificación 3.3.
Existencias
Número de registro Signatura completa Tipo de item de Koha
038791 DPT-6316 Monografías
© CES, Consejo Económico y Social de España 2021